<?xml version="1.0" encoding="UTF-8"?>
<record
    xmlns:xsi="http://www.w3.org/2001/XMLSchema-instance"
    xsi:schemaLocation="http://www.loc.gov/MARC21/slim http://www.loc.gov/standards/marcxml/schema/MARC21slim.xsd"
    xmlns="http://www.loc.gov/MARC21/slim">

  <leader>01360nam a22002057a 4500</leader>
  <controlfield tag="003">OSt</controlfield>
  <controlfield tag="005">20240627111922.0</controlfield>
  <controlfield tag="008">230705s2018    spa||||| |||| 00| 1 spa d</controlfield>
  <datafield tag="020" ind1=" " ind2=" ">
    <subfield code="a">9789877253191</subfield>
  </datafield>
  <datafield tag="040" ind1=" " ind2=" ">
    <subfield code="b">spa</subfield>
    <subfield code="c">besoc</subfield>
  </datafield>
  <datafield tag="100" ind1="1" ind2=" ">
    <subfield code="a">King, Stephen</subfield>
    <subfield code="d">(1947-)</subfield>
    <subfield code="e">autor</subfield>
  </datafield>
  <datafield tag="245" ind1="1" ind2="0">
    <subfield code="a">It :</subfield>
    <subfield code="b">(eso) /</subfield>
    <subfield code="c">Stephen King ; traducci&#xF3;n de Edith Zilli</subfield>
  </datafield>
  <datafield tag="250" ind1=" " ind2=" ">
    <subfield code="a">1a ed.</subfield>
  </datafield>
  <datafield tag="260" ind1=" " ind2=" ">
    <subfield code="a">Buenos Aires :</subfield>
    <subfield code="b">Debolsillo, </subfield>
    <subfield code="c">2018</subfield>
  </datafield>
  <datafield tag="300" ind1=" " ind2=" ">
    <subfield code="a">1502 p.</subfield>
  </datafield>
  <datafield tag="520" ind1=" " ind2=" ">
    <subfield code="a">Bienvenidos a Derry, Maine. Es una ciudad peque&#xF1;a, una como cualquier otra, un hogar que tambi&#xE9;n podr&#xED;a ser el tuyo. Y sin embargo, las sombras de Derry esconden una oscuridad inimaginable. La primera vez que se enfrentaron al horror, eran siete adolescentes. Ahora son adultos que se fueron para hallar el &#xE9;xito y la felicidad lejos de las calles que los vieron crecer. Solo la promesa que se hicieron tantos a&#xF1;os atr&#xE1;s les ha reunido en el mismo lugar donde nacieron sus pesadillas. El mismo lugar donde sus pesadillas han regresado. La malvada criatura que mat&#xF3;, mutil&#xF3; y aterroriz&#xF3; a los ni&#xF1;os de Derry ha vuelto. Saben que pueden morir, pero tambi&#xE9;n que no conocer&#xE1;n la paz hasta que aquella cosa, hasta que Eso sea destruido para siempre [Nota del editor].</subfield>
  </datafield>
  <datafield tag="650" ind1=" " ind2="4">
    <subfield code="a">Literatura norteamericana</subfield>
    <subfield code="v">Novelas</subfield>
    <subfield code="x">Terror</subfield>
    <subfield code="y">Siglo XX</subfield>
    <subfield code="y">Siglo XXI</subfield>
  </datafield>
  <datafield tag="700" ind1="1" ind2=" ">
    <subfield code="a">Zilli, Edith </subfield>
    <subfield code="e">traductor</subfield>
  </datafield>
  <datafield tag="942" ind1=" " ind2=" ">
    <subfield code="2">udc</subfield>
    <subfield code="c">OG</subfield>
    <subfield code="n">0</subfield>
  </datafield>
  <datafield tag="999" ind1=" " ind2=" ">
    <subfield code="c">24</subfield>
    <subfield code="d">24</subfield>
  </datafield>
  <datafield tag="952" ind1=" " ind2=" ">
    <subfield code="0">0</subfield>
    <subfield code="1">0</subfield>
    <subfield code="2">udc</subfield>
    <subfield code="4">0</subfield>
    <subfield code="7">0</subfield>
    <subfield code="8">CG</subfield>
    <subfield code="a">ESOCIALES</subfield>
    <subfield code="b">ESOCIALES</subfield>
    <subfield code="d">2023-07-06</subfield>
    <subfield code="l">1</subfield>
    <subfield code="m">1</subfield>
    <subfield code="o">82-312.4(73) K52</subfield>
    <subfield code="p">000154</subfield>
    <subfield code="q">2026-05-18</subfield>
    <subfield code="r">2026-04-17 11:32:34</subfield>
    <subfield code="s">2026-04-17</subfield>
    <subfield code="w">2023-07-06</subfield>
    <subfield code="y">OG</subfield>
  </datafield>
</record>
